<?xml version="1.0" encoding="UTF-8"?><?xml-stylesheet type="text/xsl" href="static/style.xsl"?><OAI-PMH xmlns="http://www.openarchives.org/OAI/2.0/" xmlns:xsi="http://www.w3.org/2001/XMLSchema-instance" xsi:schemaLocation="http://www.openarchives.org/OAI/2.0/ http://www.openarchives.org/OAI/2.0/OAI-PMH.xsd"><responseDate>2026-04-17T03:55:31Z</responseDate><request verb="GetRecord" identifier="oai:www.recercat.cat:2072/470859" metadataPrefix="marc">https://recercat.cat/oai/request</request><GetRecord><record><header><identifier>oai:recercat.cat:2072/470859</identifier><datestamp>2025-06-12T11:07:27Z</datestamp><setSpec>com_2072_98</setSpec><setSpec>col_2072_378192</setSpec></header><metadata><record xmlns="http://www.loc.gov/MARC21/slim" xmlns:dcterms="http://purl.org/dc/terms/" xmlns:xsi="http://www.w3.org/2001/XMLSchema-instance" xmlns:doc="http://www.lyncode.com/xoai" xsi:schemaLocation="http://www.loc.gov/MARC21/slim http://www.loc.gov/standards/marcxml/schema/MARC21slim.xsd">
   <leader>00925njm 22002777a 4500</leader>
   <datafield ind2=" " ind1=" " tag="042">
      <subfield code="a">dc</subfield>
   </datafield>
   <datafield ind2=" " ind1=" " tag="720">
      <subfield code="a">Pavez Lizarraga, Amaya</subfield>
      <subfield code="e">author</subfield>
   </datafield>
   <datafield ind2=" " ind1=" " tag="720">
      <subfield code="a">Baeza Correa, Cecilia</subfield>
      <subfield code="e">author</subfield>
   </datafield>
   <datafield ind2=" " ind1=" " tag="720">
      <subfield code="a">Faure Bascur, Eyleen</subfield>
      <subfield code="e">author</subfield>
   </datafield>
   <datafield ind2=" " ind1=" " tag="720">
      <subfield code="a">Pallavicini Magnere, Patricia</subfield>
      <subfield code="e">author</subfield>
   </datafield>
   <datafield ind2=" " ind1=" " tag="260">
      <subfield code="c">2023</subfield>
   </datafield>
   <datafield ind2=" " ind1=" " tag="520">
      <subfield code="a">Agradecimientos. Agradecemos el apoyo del Proyecto Dicyt 032091PL, Vicerrectoría de Investigación, Desarrollo e Innovación, Universidad de Santiago de Chile.</subfield>
   </datafield>
   <datafield ind2=" " ind1=" " tag="520">
      <subfield code="a">Los resultados que presentamos dan cuenta de los significados asociados a discursos de personas mayores chilenas, acerca de la vejez y del envejecer. Como marco referencial, nos nutrimos de la gerontología crítica y aproximaciones feministas e interseccionales acerca de las condiciones del envejecimiento en Latinoamérica. Trabajamos a partir del método biográfico. Se constató la reiteración de estereotipos negativos con relación al "sujeto viejo", considerando la enfermedad, la pérdida y la precarización como características predominantes. De igual manera, observamos tensiones en los procesos de identificación asociados a la vejez, desmarcándose de los estereotipos negativos a los que se asocia esta etapa. Constatamos continuidad y cambios en el rol de género. Presentamos discursos que enfatizan el autocuidado y la participación social con pares etarios, como emergencia frente a los estereotipos negativos. Se concluye la influencia del edadismo en los discursos, reforzando la devaluación de esta etapa para quien la vive.</subfield>
   </datafield>
   <datafield ind2=" " ind1=" " tag="520">
      <subfield code="a">The results that we present, account for the meanings associated with discourses of Chilean older people, about old age and aging. As a frame of reference, we draw on critical gerontology and feminist and intersectional approaches to the conditions of aging in Latin America. We work from the biographical method. The reiteration of negative stereotypes in relation to the "old subject" was verified, considering illness, loss and precariousness as predominant characteristics. Similarly, we observe tensions in the identification processes associated with old age, distancing themselves from the negative stereotypes associated with this stage. We verified continuity and changes in the gender role. We present speeches that emphasize self-care and social participation with age peers, as an emergency against negative stereotypes. The influence of ageism in discourses is concluded, reinforcing the devaluation of this stage for those who live it.</subfield>
   </datafield>
   <datafield tag="653" ind2=" " ind1=" ">
      <subfield code="a">Aging</subfield>
   </datafield>
   <datafield tag="653" ind2=" " ind1=" ">
      <subfield code="a">Ageism</subfield>
   </datafield>
   <datafield tag="653" ind2=" " ind1=" ">
      <subfield code="a">Discourse</subfield>
   </datafield>
   <datafield tag="653" ind2=" " ind1=" ">
      <subfield code="a">Elderly</subfield>
   </datafield>
   <datafield tag="653" ind2=" " ind1=" ">
      <subfield code="a">Gender roles</subfield>
   </datafield>
   <datafield tag="653" ind2=" " ind1=" ">
      <subfield code="a">Envejecimiento</subfield>
   </datafield>
   <datafield tag="653" ind2=" " ind1=" ">
      <subfield code="a">Discriminación por edad</subfield>
   </datafield>
   <datafield tag="653" ind2=" " ind1=" ">
      <subfield code="a">Discurso</subfield>
   </datafield>
   <datafield tag="653" ind2=" " ind1=" ">
      <subfield code="a">Personas Mayores</subfield>
   </datafield>
   <datafield tag="653" ind2=" " ind1=" ">
      <subfield code="a">Roles de Género</subfield>
   </datafield>
   <datafield ind2="0" ind1="0" tag="245">
      <subfield code="a">Edadismo y discursos de las personas mayores sobre la vejez y el envejecer en Chile</subfield>
   </datafield>
</record></metadata></record></GetRecord></OAI-PMH>